000
00227 a2200097 4500
001
30843
100
_a
Carmichael
245
_a
The Shaping of the Arabs
260
_a
London
_b
George Allen & Unwin Ltd
_c
090
_c
20740
_d
20740
942
_a
NUST-CAE
_c
M
_c
11937
999
_c
265916
_d
265916